[Event "SRB-chT 1st League CS"]
[Site "Banja Vrujci"]
[Date "2022.10.04"]
[Round "5.1"]
[White "Livaja, Mario"]
[Black "Kostic, Vladimir G"]
[Result "1/2-1/2"]
[WhiteElo "2272"]
[BlackElo "2190"]
[PlyCount "116"]
[EventDate "2022.10.01"]
[EventType "team-tourn"]
[EventRounds "11"]
[EventCountry "SRB"]
[SourceTitle "CBM 210 Extra"]
[Source "ChessBase"]
[SourceDate "2022.11.30"]
[SourceVersion "1"]
[SourceVersionDate "2022.11.30"]
[SourceQuality "1"]
[WhiteTeam "Nis Nais"]
[BlackTeam "Valjevo 2005"]
[WhiteTeamCountry "SRB"]
[BlackTeamCountry "SRB"]

1. d4 e6 2. Nf3 d5 3. e3 c5 4. Bd3 Nc6 5. 0-0 Nf6 6. b3 Be7 7. Bb2 0-0 8. Nbd2 b6 9. Ne5 Bb7 10. a3 cxd4 11. exd4 Nxe5 12. dxe5 Ne4 13. Re1 f5 14. Nf3 Qe8 15. Nd4 Qg6 16. f3 Nc5 17. Be2 Bh4 18. Rf1 f4 19. Rc1 Rad8 20. b4 Ne4 21. Bd3 Qh6 22. fxe4 Bg3 23. h3 dxe4 24. Qg4 exd3 25. Qxe6+ Qxe6 26. Nxe6 d2 27. Rcd1 f3 28. gxf3 Ba6 29. Rf2 Bxf2+ 30. Kxf2 Rc8 31. Nxf8 Rxc2 32. Nxh7 Kxh7 33. Bd4 Bc8 34. h4 Be6 35. Be3 Ra2 36. Rxd2 Kg6 37. Rxa2 Bxa2 38. Bf4 Kf5 39. Ke3 g6 40. Bg3 Bd5 41. e6 Kxe6 42. Bb8 a6 43. Bc7 b5 44. Kf4 Kf6 45. Be5+ Ke6 46. Bc3 Kf7 47. Ke3 Bb3 48. Ke4 Bd1 49. f4 Ke6 50. Be5 Bc2+ 51. Kd4 Kf5 52. Kc5 Kg4 53. Bf6 Kxf4 54. Kb6 Kf5 55. Bd8 Ba4 56. Kxa6 Ke6 57. Kb6 Kd6 58. Bg5 Ke5 1/2-1/2

[Event "Novi Sad Vojvodina op 12th"]
[Site "Novi Sad"]
[Date "2022.07.28"]
[Round "5"]
[White "Kostic, Vladimir G"]
[Black "Rosh, Jain"]
[Result "0-1"]
[WhiteElo "2189"]
[BlackElo "2380"]
[PlyCount "134"]
[EventDate "2022.07.24"]
[EventType "swiss"]
[EventRounds "9"]
[EventCountry "SRB"]
[SourceTitle "CBM 209 Extra"]
[Source "ChessBase"]
[SourceDate "2022.09.30"]
[SourceVersion "1"]
[SourceVersionDate "2022.09.30"]
[SourceQuality "1"]

1. Nf3 d5 2. d4 Nf6 3. Bf4 e6 4. e3 Bd6 5. Bg3 c5 6. c3 Qc7 7. Nbd2 Nbd7 8. Bb5 0-0 9. 0-0 Bxg3 10. hxg3 e5 11. Bxd7 Nxd7 12. dxe5 Nxe5 13. Nxe5 Qxe5 14. Nf3 Qe4 15. Nd2 Qf5 16. Rc1 b6 17. Qf3 Qe6 18. Qf4 Bb7 19. Nf3 f6 20. g4 Qc6 21. Rfd1 Rae8 22. c4 dxc4 23. Rxc4 Rd8 24. Rcc1 Rd7 25. Rxd7 Qxd7 26. b4 cxb4 27. Qxb4 Re8 28. Qc4+ Bd5 29. Qd3 Qb7 30. Qb5 Rf8 31. Qe2 Rc8 32. Rd1 Qf7 33. a3 Bb3 34. Re1 Qc4 35. Qxc4+ Rxc4 36. Nd2 Rc3 37. Nxb3 Rxb3 38. Ra1 Kf7 39. a4 a5 40. Rc1 Rb4 41. Rc7+ Kg6 42. Rb7 Rxa4 43. Rxb6 Rxg4 44. f4 Rh4 45. Ra6 Rh5 46. Kf2 Rb5 47. Kf3 h5 48. Ra7 Rc5 49. Ra6 Rb5 50. Ra7 f5 51. Ra6+ Kh7 52. Ra7 h4 53. Ra6 Rc5 54. Ra7 Kh6 55. Ra6+ g6 56. Ra8 g5 57. fxg5+ Kxg5 58. Ra6 Rb5 59. Ra8 Kf6 60. Ra7 Ke5 61. Ra8 Kd5 62. Kf4 Kc4 63. Kg5 Kb3 64. Kxh4 a4 65. Kg5 a3 66. g4 fxg4+ 67. Kxg4 a2 0-1

[Event "Novi Sad TS Mix 217th"]
[Site "Novi Sad"]
[Date "2021.10.23"]
[Round "12"]
[White "Sai Agni, Jeevitesh J"]
[Black "Kostic, Vladimir G"]
[Result "1-0"]
[WhiteElo "2318"]
[BlackElo "2229"]
[PlyCount "101"]
[EventDate "2021.10.16"]
[EventType "tourn"]
[EventRounds "13"]
[EventCountry "SRB"]
[EventCategory "1"]
[SourceTitle "EXT 2023"]
[Source "ChessBase"]
[SourceDate "2022.10.05"]
[SourceVersion "1"]
[SourceVersionDate "2022.10.05"]
[SourceQuality "1"]

1. Nf3 Nf6 2. c4 g6 3. Nc3 Bg7 4. d4 0-0 5. e4 d6 6. Be2 e5 7. Be3 Nbd7 8. 0-0 h6 9. h3 exd4 10. Nxd4 Nc5 11. f3 Nh5 12. Qd2 Kh7 13. Rad1 Ng3 14. Rf2 Qh4 15. Ndb5 Ne6 16. f4 a6 17. Nd4 Nxe2+ 18. Rxe2 Bd7 19. Nd5 Rac8 20. f5 Ng5 21. Bf2 Nxe4 22. Bxh4 Nxd2 23. Rdxd2 g5 24. Re7 Bxd4+ 25. Rxd4 Bxf5 26. Bg3 c6 27. Nb6 Rce8 28. Bxd6 Rxe7 29. Bxe7 Re8 30. Bb4 Re2 31. Bc3 Rc2 32. Na4 b5 33. Nc5 b4 34. Bxb4 Rxb2 35. a3 Rc2 36. Nxa6 Be6 37. c5 f5 38. Nc7 Bb3 39. Rd7+ Kg6 40. Rd6+ Kf7 41. Rxc6 f4 42. Rxh6 Rc1+ 43. Kf2 Bc4 44. Kf3 Rc2 45. Rd6 Be2+ 46. Kf2 Bd3+ 47. Kg1 Rc1+ 48. Kh2 Bf5 49. Rd2 Kf6 50. Nd5+ Ke5 51. Nc3 1-0

[Event "SRB-chT 1st League CS"]
[Site "Bajina Basta"]
[Date "2021.10.01"]
[Round "8.2"]
[White "Maksimovic, Bojan"]
[Black "Kostic, Vladimir G"]
[Result "1-0"]
[WhiteElo "2432"]
[BlackElo "2229"]
[PlyCount "73"]
[EventDate "2021.09.26"]
[EventType "team-tourn"]
[EventRounds "11"]
[EventCountry "SRB"]
[SourceTitle "EXT 2023"]
[Source "ChessBase"]
[SourceDate "2022.10.05"]
[SourceVersion "1"]
[SourceVersionDate "2022.10.05"]
[SourceQuality "1"]
[WhiteTeam "Kostolac Rudar"]
[BlackTeam "Valjevo Krusik"]
[WhiteTeamCountry "SRB"]
[BlackTeamCountry "SRB"]

1. e4 e6 2. d4 d5 3. Nc3 dxe4 4. Nxe4 Nd7 5. Nf3 Ngf6 6. Nxf6+ Nxf6 7. c3 c5 8. Be3 Be7 9. dxc5 Qc7 10. Bb5+ Bd7 11. Bxd7+ Nxd7 12. b4 b6 13. 0-0 bxc5 14. b5 0-0 15. a4 Nb6 16. Qc2 Bf6 17. Bg5 Nd5 18. Bxf6 Nxf6 19. c4 e5 20. Rfe1 Rfe8 21. h3 Rad8 22. Rad1 Rxd1 23. Qxd1 e4 24. Nd2 h5 25. Qc2 Qf4 26. Re3 h4 27. a5 g5 28. a6 g4 29. Nf1 Re6 30. Qe2 Kf8 31. hxg4 Nxg4 32. Rh3 Ne5 33. Qe3 Qg4 34. Qxc5+ Kg8 35. Ne3 Qg5 36. Qd5 Qf4 37. Qd8+ 1-0

[Event "SRB-chT 1st League CS"]
[Site "Bajina Basta"]
[Date "2021.09.29"]
[Round "5.2"]
[White "Abramovic, Bosko"]
[Black "Kostic, Vladimir G"]
[Result "1/2-1/2"]
[WhiteElo "2286"]
[BlackElo "2229"]
[PlyCount "43"]
[EventDate "2021.09.26"]
[EventType "team-tourn"]
[EventRounds "11"]
[EventCountry "SRB"]
[SourceTitle "EXT 2023"]
[Source "ChessBase"]
[SourceDate "2022.10.05"]
[SourceVersion "1"]
[SourceVersionDate "2022.10.05"]
[SourceQuality "1"]
[WhiteTeam "Kraljevo Sloga"]
[BlackTeam "Valjevo Krusik"]
[WhiteTeamCountry "SRB"]
[BlackTeamCountry "SRB"]

1. Nf3 c5 2. c4 Nc6 3. Nc3 g6 4. e3 Bg7 5. d4 cxd4 6. exd4 d6 7. d5 Nb8 8. Bd3 Nf6 9. 0-0 0-0 10. h3 Nbd7 11. Re1 Nc5 12. Bf1 Bd7 13. Nd4 a5 14. b3 Re8 15. Be3 Nfe4 16. Nxe4 Nxe4 17. Rc1 Nc5 18. a3 Rc8 19. b4 Ba4 20. Qg4 Bd7 21. Qf3 Na6 22. Rb1 1/2-1/2

[Event "Novi Sad TS Mix 216th"]
[Site "Novi Sad"]
[Date "2021.08.10"]
[Round "6"]
[White "Kostic, Vladimir G"]
[Black "Dushyant, Sharma"]
[Result "0-1"]
[WhiteElo "2255"]
[BlackElo "2261"]
[PlyCount "52"]
[EventDate "2021.08.07"]
[EventType "swiss"]
[EventRounds "10"]
[EventCountry "SRB"]
[SourceTitle "CBM 203 Extra"]
[Source "ChessBase"]
[SourceDate "2021.09.30"]
[SourceVersion "1"]
[SourceVersionDate "2021.09.30"]
[SourceQuality "1"]

1. e4 e5 2. Nf3 Nc6 3. Nc3 Nf6 4. h3 Bb4 5. Bd3 d6 6. a3 Ba5 7. b4 Bb6 8. 0-0 g5 9. Nh2 g4 10. hxg4 Rg8 11. Be2 Nd4 12. g5 Rxg5 13. d3 Rg6 14. Kh1 Nxe2 15. Qxe2 Bd4 16. Bd2 Bxc3 17. Bxc3 Rh6 18. f3 Nh5 19. Qf2 Qg5 20. Be1 Be6 21. g3 Kd7 22. f4 exf4 23. gxf4 Qg7 24. f5 Bd5 25. Rd1 Bc6 26. Rg1 Qe5 0-1

[Event "Novi Sad TS Mix 214th"]
[Site "Novi Sad"]
[Date "2021.08.04"]
[Round "5"]
[White "Agibileg, Uurtsaikh"]
[Black "Kostic, Vladimir G"]
[Result "1-0"]
[WhiteElo "2433"]
[BlackElo "2255"]
[PlyCount "103"]
[EventDate "2021.08.01"]
[EventType "swiss"]
[EventRounds "10"]
[EventCountry "SRB"]
[SourceTitle "CBM 203 Extra"]
[Source "ChessBase"]
[SourceDate "2021.09.30"]
[SourceVersion "1"]
[SourceVersionDate "2021.09.30"]
[SourceQuality "1"]

1. d4 Nf6 2. c4 e6 3. Nc3 Bb4 4. a3 Bxc3+ 5. bxc3 Nc6 6. f3 b6 7. e4 Ba6 8. Bd3 Na5 9. Qe2 d6 10. Be3 Qd7 11. a4 0-0 12. Nh3 Qc6 13. Bg5 Bxc4 14. Bxf6 Bxd3 15. Qxd3 gxf6 16. 0-0 Kh8 17. Nf2 Rg8 18. Ng4 Rg6 19. Ne3 Rag8 20. Rf2 Qd7 21. f4 d5 22. f5 Rh6 23. Raf1 Qd6 24. g3 Rh4 25. fxe6 fxe6 26. exd5 Rh5 27. Qe2 Rh3 28. dxe6 Qxe6 29. Rxf6 Qe7 30. Qf3 Nb3 31. Rf7 Qd6 32. Nf5 Qe6 33. Ne7 Nd2 34. Qf6+ Qxf6 35. R1xf6 Re8 36. Nf5 Kg8 37. Rg7+ Kh8 38. Rxc7 Rh5 39. h4 Ne4 40. Rff7 Rg8 41. Kh2 Nf2 42. Rxa7 Ng4+ 43. Kg2 Rc8 44. Kf3 Nh2+ 45. Kf4 Rg8 46. d5 Rg4+ 47. Ke5 Nf3+ 48. Ke6 Re4+ 49. Kd7 Ne5+ 50. Kc7 Rc4+ 51. Kb7 Kg8 52. Rg7+ 1-0

[Event "Novi Sad TS Mix 214th"]
[Site "Novi Sad"]
[Date "2021.08.04"]
[Round "6"]
[White "Kostic, Vladimir G"]
[Black "Dhruv, Khosla"]
[Result "1-0"]
[WhiteElo "2255"]
[BlackElo "1982"]
[PlyCount "155"]
[EventDate "2021.08.01"]
[EventType "swiss"]
[EventRounds "10"]
[EventCountry "SRB"]
[SourceTitle "CBM 203 Extra"]
[Source "ChessBase"]
[SourceDate "2021.09.30"]
[SourceVersion "1"]
[SourceVersionDate "2021.09.30"]
[SourceQuality "1"]

1. e4 c5 2. Nf3 Nc6 3. d4 cxd4 4. Nxd4 g6 5. Nxc6 bxc6 6. Bc4 Bg7 7. Qf3 e6 8. 0-0 Ne7 9. h4 0-0 10. h5 h6 11. Nc3 d5 12. Bb3 Kh7 13. Rd1 Bb7 14. Na4 Qd6 15. Be3 d4 16. e5 Bxe5 17. Bxd4 Bxd4 18. c3 Nf5 19. cxd4 Qb4 20. Qc3 Qxc3 21. hxg6+ Kxg6 22. bxc3 a5 23. Bc2 Kg5 24. Nc5 Nd6 25. Bd3 Bc8 26. Rab1 Ra7 27. Re1 Kf6 28. Rb6 Rc7 29. Re5 Ke7 30. f4 f5 31. a4 Nf7 32. Re3 Nd8 33. Bc4 Rf6 34. Kf2 Nb7 35. Nb3 c5 36. Bd5 cxd4 37. cxd4 Kf7 38. Bf3 Ke7 39. Kg1 Rg6 40. Re1 Kf6 41. d5 Ke7 42. Nd4 Nd6 43. Nc6+ Kf8 44. Ne5 Nc4 45. Nxg6+ Kg7 46. Rbxe6 Bxe6 47. Rxe6 Nb2 48. Nh4 Rf7 49. Bh5 Rf6 50. Re7+ Kf8 51. Ra7 Nxa4 52. Ng6+ Kg8 53. Ne5 Nc3 54. Bf7+ Kh8 55. g3 a4 56. Be6 h5 57. Kg2 Nb5 58. Ra8+ Kg7 59. Rxa4 Kh6 60. Ra8 Nc7 61. Rh8+ Kg7 62. Rg8+ Kh7 63. Rg5 Kh6 64. Bg8 Nb5 65. Nf7+ Rxf7 66. Bxf7 Nd4 67. Bxh5 Nc2 68. Kf2 Nb4 69. d6 Nd3+ 70. Kg1 Nc5 71. Be8 Ne4 72. d7 Nxg5 73. fxg5+ Kxg5 74. d8Q+ Kg4 75. Qd6 Kh3 76. Kf2 Kg4 77. Qf4+ Kh3 78. Qh4# 1-0

[Event "Novi Sad TS Mix 214th"]
[Site "Novi Sad"]
[Date "2021.08.03"]
[Round "4"]
[White "Kostic, Vladimir G"]
[Black "Rosh, Jain"]
[Result "1-0"]
[WhiteElo "2255"]
[BlackElo "1814"]
[PlyCount "66"]
[EventDate "2021.08.01"]
[EventType "swiss"]
[EventRounds "10"]
[EventCountry "SRB"]
[SourceTitle "CBM 203 Extra"]
[Source "ChessBase"]
[SourceDate "2021.09.30"]
[SourceVersion "1"]
[SourceVersionDate "2021.09.30"]
[SourceQuality "1"]

1. e4 c5 2. Nf3 e6 3. g3 Nc6 4. Bg2 Qc7 5. 0-0 Nf6 6. Nc3 a6 7. Re1 d6 8. d4 cxd4 9. Nxd4 Bd7 10. Nxc6 bxc6 11. b3 Be7 12. Ba3 e5 13. Qd3 0-0 14. h3 Be6 15. Na4 Rfd8 16. Qe3 Rab8 17. c4 Qd7 18. Kh2 c5 19. Nc3 Qc7 20. Bc1 Qb7 21. Bd2 Rdc8 22. Qd3 Ne8 23. f4 f6 24. h4 Bd8 25. Nd5 Nc7 26. Ne3 Qb6 27. h5 h6 28. Bh3 Qc6 29. Nf5 Bxf5 30. Bxf5 Kh8 31. fxe5 fxe5 32. Bxc8 Rxc8 33. Qf3 Qd7 1-0

[Event "Novi Sad TS Mix 214th"]
[Site "Novi Sad"]
[Date "2021.08.02"]
[Round "3"]
[White "Yagupov, Igor"]
[Black "Kostic, Vladimir G"]
[Result "1-0"]
[WhiteElo "2343"]
[BlackElo "2255"]
[PlyCount "87"]
[EventDate "2021.08.01"]
[EventType "swiss"]
[EventRounds "10"]
[EventCountry "SRB"]
[SourceTitle "CBM 203 Extra"]
[Source "ChessBase"]
[SourceDate "2021.09.30"]
[SourceVersion "1"]
[SourceVersionDate "2021.09.30"]
[SourceQuality "1"]

1. d4 d5 2. c4 e6 3. Nf3 Nf6 4. Nc3 c5 5. cxd5 Nxd5 6. e4 Nxc3 7. bxc3 cxd4 8. cxd4 Bb4+ 9. Bd2 Bxd2+ 10. Qxd2 0-0 11. Bc4 Nd7 12. 0-0 b6 13. e5 Bb7 14. Qf4 h6 15. Rad1 Qe7 16. d5 exd5 17. Bxd5 Nc5 18. Nh4 Rae8 19. Ng6 Qc7 20. Nxf8 Rxf8 21. Bxb7 Qxb7 22. Qe3 Qa6 23. f4 Qxa2 24. Ra1 Qc4 25. Rxa7 Rd8 26. f5 Rd3 27. Qf2 Qd5 28. e6 fxe6 29. f6 gxf6 30. Qxf6 Qd4+ 31. Qxd4 Rxd4 32. Rff7 e5 33. Rg7+ Kf8 34. Rh7 Rd1+ 35. Kf2 Kg8 36. Rxh6 Nd7 37. Ke3 Rd4 38. Re6 Kf8 39. Rxe5 Rd1 40. Ke2 Rd6 41. Re3 Nc5 42. Rh3 Kg8 43. Rhh7 Ne6 44. Rhd7 1-0

[Event "Vojvodina op 11th"]
[Site "Novi Sad"]
[Date "2021.07.25"]
[Round "1"]
[White "Kostic, Vladimir G"]
[Black "Shoshin, Kirill"]
[Result "1-0"]
[WhiteElo "2297"]
[BlackElo "2001"]
[PlyCount "41"]
[EventDate "2021.07.25"]
[EventType "swiss"]
[EventRounds "9"]
[EventCountry "SRB"]
[SourceTitle "CBM 203 Extra"]
[Source "ChessBase"]
[SourceDate "2021.09.30"]
[SourceVersion "1"]
[SourceVersionDate "2021.09.30"]
[SourceQuality "1"]

1. e4 c6 2. Nf3 d5 3. exd5 cxd5 4. Ne5 Nf6 5. d4 Nc6 6. Bb5 Bd7 7. Bxc6 Bxc6 8. 0-0 e6 9. Re1 Be7 10. c3 0-0 11. Bg5 Rc8 12. Nd2 a5 13. f4 b5 14. Re3 h6 15. Rh3 hxg5 16. fxg5 g6 17. gxf6 Bxf6 18. Qe2 Kg7 19. Rf1 Qd6 20. Qe3 Rh8 21. Rxf6 1-0

[Event "Novi Sad TS07 Mix"]
[Site "Novi Sad"]
[Date "2021.07.19"]
[Round "2"]
[White "Agibileg, Uurtsaikh"]
[Black "Kostic, Vladimir G"]
[Result "1-0"]
[WhiteElo "2413"]
[BlackElo "2297"]
[PlyCount "75"]
[EventDate "2021.07.18"]
[EventType "swiss"]
[EventRounds "9"]
[EventCountry "SRB"]
[SourceTitle "CBM 203 Extra"]
[Source "ChessBase"]
[SourceDate "2021.09.30"]
[SourceVersion "1"]
[SourceVersionDate "2021.09.30"]
[SourceQuality "1"]

1. d4 Nf6 2. c4 e6 3. Nc3 d5 4. cxd5 exd5 5. Bg5 Be7 6. e3 c6 7. Bd3 Nbd7 8. Nge2 0-0 9. 0-0 Re8 10. Qc2 Nf8 11. f3 g6 12. Rad1 Ne6 13. Bh4 Ng7 14. Bf2 Be6 15. h3 Nd7 16. e4 Bg5 17. b4 Nh5 18. b5 Nf4 19. Nxf4 Bxf4 20. bxc6 bxc6 21. Ne2 Bh6 22. Qxc6 Nb6 23. Ba6 Bd7 24. Qc3 dxe4 25. fxe4 Rxe4 26. Qf3 Qe8 27. Bd3 Re7 28. d5 Be3 29. Nc3 Bxf2+ 30. Qxf2 f5 31. Qd4 Re3 32. Kf2 Re5 33. a4 Qe7 34. a5 Nc8 35. d6 Qxd6 36. Bc4+ Be6 37. Nd5 Rb8 38. Rfe1 1-0

[Event "Belgrade Serbia op"]
[Site "Belgrade"]
[Date "2021.07.06"]
[Round "6"]
[White "Kostic, Vladimir G"]
[Black "Mijatovic, Dusan"]
[Result "1-0"]
[WhiteElo "2297"]
[BlackElo "2202"]
[PlyCount "45"]
[EventDate "2021.07.02"]
[EventType "swiss"]
[EventRounds "9"]
[EventCountry "SRB"]
[SourceTitle "CBM 203 Extra"]
[Source "ChessBase"]
[SourceDate "2021.09.30"]
[SourceVersion "1"]
[SourceVersionDate "2021.09.30"]
[SourceQuality "1"]

1. e4 e6 2. d4 d5 3. exd5 exd5 4. Nf3 Bd6 5. c4 Nf6 6. Nc3 dxc4 7. Bxc4 h6 8. 0-0 0-0 9. Qc2 Nc6 10. h3 a6 11. Rd1 b5 12. Bb3 Bb7 13. Bxh6 gxh6 14. Qg6+ Kh8 15. Qxh6+ Nh7 16. Ne4 f5 17. Nh4 Rg8 18. Bxg8 Kxg8 19. Nxf5 Bf8 20. Qg6+ Kh8 21. Nc5 Qc8 22. Re1 Nxd4 23. Re7 1-0

[Event "Belgrade Serbia op"]
[Site "Belgrade"]
[Date "2021.07.03"]
[Round "2"]
[White "Kostic, Vladimir G"]
[Black "Efremov, Vladislav"]
[Result "1/2-1/2"]
[WhiteElo "2297"]
[BlackElo "2173"]
[PlyCount "34"]
[EventDate "2021.07.02"]
[EventType "swiss"]
[EventRounds "9"]
[EventCountry "SRB"]
[SourceTitle "CBM 203 Extra"]
[Source "ChessBase"]
[SourceDate "2021.09.30"]
[SourceVersion "1"]
[SourceVersionDate "2021.09.30"]
[SourceQuality "1"]

1. e4 c5 2. Nf3 e6 3. d4 cxd4 4. Nxd4 Nc6 5. Nc3 Qc7 6. Be3 a6 7. Qd2 Nf6 8. f3 Be7 9. 0-0-0 b5 10. Kb1 h5 11. Bd3 Bb7 12. Nxc6 dxc6 13. h3 h4 14. Bf4 e5 15. Bh2 Nh5 16. Ne2 0-0-0 17. Qe3 g5 1/2-1/2

[Event "Arandjelovac IM 1st"]
[Site "Arandjelovac"]
[Date "2021.04.05"]
[Round "4"]
[White "Lux, Hugo de Melo"]
[Black "Kostic, Vladimir G"]
[Result "1/2-1/2"]
[WhiteElo "2385"]
[BlackElo "2302"]
[PlyCount "92"]
[EventDate "2021.04.03"]
[EventType "tourn"]
[EventRounds "9"]
[EventCountry "SRB"]
[EventCategory "1"]
[SourceTitle "CBM 201 Extra"]
[Source "ChessBase"]
[SourceDate "2021.05.31"]
[SourceVersion "1"]
[SourceVersionDate "2021.05.31"]
[SourceQuality "1"]

1. e4 c5 2. Nc3 e6 3. f4 Nc6 4. Nf3 a6 5. Qe2 Nd4 6. Nxd4 cxd4 7. Nd1 d5 8. e5 Bd7 9. Qf2 Bc5 10. c3 Ne7 11. cxd4 Ba7 12. b3 Qb6 13. Bb2 Nf5 14. Ne3 Nxd4 15. Qg3 0-0-0 16. Qxg7 Kb8 17. Qxf7 Be8 18. Qf6 Bg6 19. Qh4 Rc8 20. Rd1 Nc2+ 21. Nxc2 Rxc2 22. Ba3 Rhc8 23. Be2 Ka8 24. Rf1 Qc6 25. f5 Bxf5 26. Rxf5 exf5 27. Qf6 Qc7 28. Qd6 Qg7 29. Qxd5 Bc5 30. b4 Bb6 31. b5 axb5 32. Bd6 Ka7 33. Bf3 R8c5 34. Qe6 Qg5 35. Kf1 Qf4 36. Bxc5 Rxc5 37. d4 Rc1 38. Rxc1 Qxc1+ 39. Kf2 f4 40. Qd5 Qe3+ 41. Kf1 Qc1+ 42. Ke2 Qe3+ 43. Kd1 Qd3+ 44. Kc1 Qc3+ 45. Kb1 Qd3+ 46. Kc1 Qc3+ 1/2-1/2